U.S. State Seals - Statistics

General Stats
  • This quiz has been taken 27 times
  • The average score is 26 of 50
Answer Stats
Picture Answer % Correct
Alabama
93%
Washington
93%
Illinois
79%
California
71%
Louisiana
71%
Maryland
71%
Rhode Island
71%
Florida
64%
Kentucky
64%
New York
64%
Oregon
64%
Virginia
64%
Arizona
57%
Hawaii
57%
Indiana
57%
Maine
57%
Massachusetts
57%
Michigan
57%
New Hampshire
57%
New Mexico
57%
Oklahoma
57%
Texas
57%
Utah
57%
Colorado
50%
Iowa
50%
Minnesota
50%
Montana
50%
Nebraska
50%
Vermont
50%
West Virginia
50%
Alaska
43%
Connecticut
43%
Delaware
43%
Georgia
43%
Kansas
43%
Missouri
43%
New Jersey
43%
Ohio
43%
South Carolina
43%
South Dakota
43%
Wisconsin
43%
Idaho
36%
Mississippi
36%
North Carolina
36%
North Dakota
36%
Pennsylvania
36%
Tennessee
36%
Wyoming
36%
Arkansas
29%
Nevada
21%
No matching quizzes found
Score Distribution
Percent of People with Each Score
Percentile by Number Answered
Your Score History
You have not taken this quiz